| 000 | 01244nam2a22002771 4500 | ||
|---|---|---|---|
| 001 | v19\rc\1482617 | ||
| 005 | 20250618153531.0 | ||
| 035 | _a(NLR Aleph) 004615245 | ||
| 090 |
_a2967382 _c2967382 |
||
| 100 | _a20060620d1879 |||y0rusy50 ca | ||
| 101 | 0 | _arus | |
| 102 | _aRU | ||
| 105 | _ay z ||||| | ||
| 200 | 0 | _aс октября 1874 года по октябрь 1878 года | |
| 210 |
_d1879 _aБ. м. |
||
| 215 | _aXI, 291 с. | ||
| 461 | 0 |
_1001v19\rc\1482616 _12001#$aОтчет Главного комитета по устройству и образованию войск...$vс октября 1874 года по октябрь 1878 года _92967372 _aРоссия. Главный комитет по устройству и образованию войск _cСанкт-Петербург _d1879-1883 _tОтчет Главного комитета по устройству и образованию войск... _vс октября 1874 года по октябрь 1878 года |
|
| 801 | 0 |
_aRU _bNLR _gpsbo |
|
| 801 | 0 |
_aRU _bRuMoRGB _2psbo |
|
| 801 | 1 |
_aRU _bProSoft-M _2rusmarc |
|
| 852 |
_aNLR _j18.46.8.11 |
||
| 899 |
_aRuMoRGB _jS 7/66 |
||
| 899 | _aБАН (1874-1880*) | ||
| 899 | _aГПИБ | ||
| 942 | _cBOOK | ||
| 980 | _aNB | ||